Ч. 1; Банк задач по физике
| Parent link: | Банк задач по физике/ В. И. Веретельник [и др.]; Томский политехнический университет; Центр довузовской подготовки. Ч. 1.— , 2005 |
|---|---|
| Sažetak: | Настоящее издание Банка задач представляет собой сборник задач и вопросов по всем разделам школьного курса физики и составлен в соответствии с обязательными стандартами на терминологию и обозначения единиц физических величин. Сборник состоит из двух частей. Первая часть сборника отражает разделы: «Кинематика», «Динамика и законы сохранения в механике», «Молекулярная физика и гидростатика», «Электростатика». Для облегчения самостоятельной работы учащихся в начале каждого раздела приведены основные законы и формулы, необходимые для решения задач, а табличные данные включены в их условия. Приведены числовые ответы, полученные с учетом правил действия над приближенными числами. Задачи повышенной сложности отмечены тремя звездочками (***). Трудность заданий возрастает по мере увеличения порядкового номера подраздела. Банк задач используется при составлении заданий Открытой региональной межвузовской олимпиады по физике. Поэтому сборник предназначен, в первую очередь, учащимся выпускных классов, сдающих единый государственный экзамен по физике, готовящихся к участию в олимпиадах по этому предмету, учителей физики профильных классов, организующих работу по углубленной подготовке выпускников. |
| Jezik: | ruski |
| Izdano: |
2005
|
| Teme: | |
| Format: | MixedMaterials Knjiga |
| KOHA link: | https://koha.lib.tpu.ru/cgi-bin/koha/opac-detail.pl?biblionumber=108212 |
MARC
| LEADER | 00000nam2a2200000 4500 | ||
|---|---|---|---|
| 001 | 108212 | ||
| 005 | 20231031115550.0 | ||
| 035 | |a (RuTPU)RU\TPU\book\116805 | ||
| 090 | |a 108212 | ||
| 100 | |a 20070117d2005 m y0rusy50 ca | ||
| 101 | 0 | |a rus | |
| 102 | |a RU | ||
| 105 | |a a j 001zy | ||
| 200 | 0 | |a Ч. 1 | |
| 210 | |d 2005 | ||
| 215 | |a 128 с. |c ил. | ||
| 320 | |a Библиогр.: с. 127. | ||
| 330 | |a Настоящее издание Банка задач представляет собой сборник задач и вопросов по всем разделам школьного курса физики и составлен в соответствии с обязательными стандартами на терминологию и обозначения единиц физических величин. Сборник состоит из двух частей. Первая часть сборника отражает разделы: «Кинематика», «Динамика и законы сохранения в механике», «Молекулярная физика и гидростатика», «Электростатика». Для облегчения самостоятельной работы учащихся в начале каждого раздела приведены основные законы и формулы, необходимые для решения задач, а табличные данные включены в их условия. Приведены числовые ответы, полученные с учетом правил действия над приближенными числами. Задачи повышенной сложности отмечены тремя звездочками (***). Трудность заданий возрастает по мере увеличения порядкового номера подраздела. Банк задач используется при составлении заданий Открытой региональной межвузовской олимпиады по физике. Поэтому сборник предназначен, в первую очередь, учащимся выпускных классов, сдающих единый государственный экзамен по физике, готовящихся к участию в олимпиадах по этому предмету, учителей физики профильных классов, организующих работу по углубленной подготовке выпускников. | ||
| 461 | 1 | |0 (RuTPU)RU\TPU\book\117377 |t Банк задач по физике |f В. И. Веретельник [и др.] |g Томский политехнический университет; Центр довузовской подготовки |v Ч. 1 |d 2005 | |
| 610 | 1 | |a физика | |
| 610 | 1 | |a задачи | |
| 610 | 1 | |a кинематика | |
| 610 | 1 | |a динамика | |
| 610 | 1 | |a механика | |
| 610 | 1 | |a законы сохранения | |
| 610 | 1 | |a электростатика | |
| 610 | 1 | |a учебные пособия | |
| 675 | |a 53(076) |v 3 | ||
| 801 | 1 | |a RU |b 63413507 |c 20070117 |g PSBO | |
| 801 | 2 | |a RU |b 63413507 |c 20150529 |g PSBO | |
| 942 | |c BK | ||